000 00695cam a22002293a 4500
001 18081
003 PGUSA
005 20140828083402.0
008 060330s2006||||xxu|||||s|||||000 | eng d
040 _aPGUSA
_beng
042 _adc
050 4 _aQL
100 1 _aFabre, Jean-Henri,
_d1823-1915
245 1 0 _aNouveaux souvenirs entomologiques - Livre II :
_bÉtude sur l'instinct et les moeurs des insectes
_h[electronic resource] /
_cJean-Henri Fabre
260 _bProject Gutenberg,
_c2006
506 _aPublic domain in the USA.
516 _aElectronic text
653 _aInsects
830 0 _aProject Gutenberg
_v18081
856 4 0 _uhttp://www.gutenberg.org/ebooks/18081
942 _cEB
999 _c247336
_d247336